000 00575nam a2200181Ia 4500
008 090124s9999 xx 000 0 und d
082 _b7389
100 _aपरुऴेकर नानासाहेब
245 _a निरोप घेता
250 _a0
260 _bसकाळ प्रकाशन
300 _a324
600 _aपरुऴेकर नानासाहेब
630 _a निरोप घेता
700 _aपरुऴेकर नानासाहेब
730 _a निरोप घेता
942 _cBOOK
999 _c85448
_d85448